| 000 | 00698nam a2200205 a 4500 | ||
|---|---|---|---|
| 003 | AM-YeHGA | ||
| 040 | _aAM-YeHGA | ||
| 090 | _c448024 | ||
| 005 | 20250617160054.0 | ||
| 008 | 180712s1960 ru d||||r|||||001|0|rus|| | ||
| 041 | 0 | _arus | |
| 100 | 1 | _aКонев, Юрий Иванович | |
| 245 | 1 | 0 |
_aПолупроводниковые триоды в автоматике / _cЮ.И. Конев. |
| 260 |
_aМосква : _bСоветское радио, _c1960. |
||
| 300 |
_a447 с. : _bчерт. ; _c20 см. |
||
| 504 | _aБиблиогр.: с. 440-443 (75 назв.) | ||
| 650 | 1 | 4 | _aТриоды полупроводниковые |
| 650 | 1 | 4 | _aАвтоматика |
| 942 |
_2udc _cBK |
||
| 999 |
_c445180 _d445180 |
||